| Tag |
First Indicator |
Second Indicator |
Subfields |
| LEADER |
00000pam a22000004a 4500 |
| 001 |
in00001598024 |
| 005 |
20151022165751.0 |
| 008 |
001018s2000 riua b 001 0 eng |
| 010 |
|
|
|a 00051097
|
| 020 |
|
|
|a 0821826298 (alk. paper)
|
| 035 |
|
|
|a (OCoLC)ocm45248226
|
| 040 |
|
|
|a DLC
|c DLC
|d TXA
|d UtOrBLW
|
| 042 |
|
|
|a pcc
|
| 049 |
|
|
|a TXAM
|
| 050 |
0 |
0 |
|a QD926
|b .D57 2000
|
| 082 |
0 |
0 |
|a 548/.7
|2 21
|
| 245 |
0 |
0 |
|a Directions in mathematical quasicrystals /
|c Michael Baake, Robert V. Moody, editors.
|
| 264 |
|
1 |
|a Providence, R.I. :
|b American Mathematical Society,
|c [2000]
|
| 264 |
|
4 |
|c ©2000
|
| 300 |
|
|
|a viii, 379 pages :
|b illustrations ;
|c 27 cm.
|
| 336 |
|
|
|a text
|b txt
|2 rdacontent
|
| 337 |
|
|
|a unmediated
|b n
|2 rdamedia
|
| 338 |
|
|
|a volume
|b nc
|2 rdacarrier
|
| 490 |
1 |
|
|a CRM monograph series,
|x 1065-8599 ;
|v v. 13
|
| 504 |
|
|
|a Includes bibliographical references and index.
|
| 650 |
|
0 |
|a Quasicrystals.
|
| 650 |
|
0 |
|a Crystallography, Mathematical.
|
| 700 |
1 |
|
|a Baake, Michael.
|
| 700 |
1 |
|
|a Moody, R. V.,
|d 1941-
|
| 830 |
|
0 |
|a CRM monograph series.
|x 1065-8599 ;
|v v. 13.
|
| 948 |
|
|
|a cataloged
|b h
|c 2001/2/20
|d c
|e dmitchel
|f 10:30:40 am
|
| 994 |
|
|
|a E0
|b TXA
|
| 999 |
|
|
|a MARS
|
| 999 |
f |
f |
|s c0cb6371-8232-32cd-8508-b6b7d1948b8e
|i b1fd8fdc-3d0b-3fbb-87e9-d03ea003adc0
|t 0
|
| 952 |
f |
f |
|p ric
|a Texas A&M University
|b Rellis Campus
|c Joint Library Facility
|d Remote Storage
|t 0
|e QD926 .D57 2000
|h Library of Congress classification
|i unmediated -- volume
|m A14827379346
|
| 998 |
f |
f |
|a QD926 .D57 2000
|t 0
|l Remote Storage
|